[Event "Asian University"]
[Site "Tornelo INT"]
[Date "2021.09.11"]
[Round "4"]
[White "Hafiz, Arif Abdul"]
[Black "Khodashenas, Mersad"]
[Result "0-1"]
[WhiteElo "2234"]
[BlackElo "2466"]
[PlyCount "96"]
[EventDate "2021.09.10"]
[EventType "swiss (rapid)"]
[EventRounds "9"]
[EventCountry "NET"]
[SourceTitle "CBM 204 Extra"]
[Source "ChessBase"]
[SourceDate "2021.11.30"]
[SourceVersion "1"]
[SourceVersionDate "2021.11.30"]
[SourceQuality "1"]

1. c4 e5 2. Nc3 Nf6 3. g3 d5 4. cxd5 Nxd5 5. Bg2 Nb6 6. d3 Be7 7. Be3 0-0 8. Nf3 Nc6 9. 0-0 Be6 10. a3 a5 11. Bxb6 cxb6 12. e3 a4 13. d4 Bb3 14. Qd2 exd4 15. Nxd4 Nxd4 16. exd4 Bg5 17. Qd3 Bf6 18. Bxb7 Bxd4 19. Qf3 Ra5 20. Rfe1 g6 21. Re2 Rf5 22. Qe4 Re5 23. Qf3 Bxc3 24. bxc3 Bd1 25. Rxe5 Bxf3 26. Bxf3 Qd2 27. Rae1 Qxc3 28. R5e3 Qc5 29. Kg2 Kg7 30. Rb1 Rd8 31. Rb2 Rd4 32. Be2 Qd5+ 33. Bf3 Qd6 34. Rb5 Rd2 35. Rb4 Qc5 36. Be2 Qd5+ 37. f3 Qc5 38. Kf2 Rc2 39. Rxa4 Rxe2+ 40. Kxe2 Qc2+ 41. Ke1 Qxa4 42. Kf2 Qd4 43. f4 Qb2+ 44. Kg1 Qd2 45. Rf3 Kf6 46. g4 Qe2 47. Rg3 Qe1+ 48. Kg2 Qd2+ 0-1

[Event "Asian University"]
[Site "Tornelo INT"]
[Date "2021.09.10"]
[Round "2"]
[White "Harikrishnan, A Ra"]
[Black "Khodashenas, Mersad"]
[Result "1/2-1/2"]
[WhiteElo "2429"]
[BlackElo "2466"]
[PlyCount "110"]
[EventDate "2021.09.10"]
[EventType "swiss (rapid)"]
[EventRounds "9"]
[EventCountry "NET"]
[SourceTitle "CBM 204 Extra"]
[Source "ChessBase"]
[SourceDate "2021.11.30"]
[SourceVersion "1"]
[SourceVersionDate "2021.11.30"]
[SourceQuality "1"]

1. Nf3 d5 2. g3 Nc6 3. Bg2 e5 4. d3 Nf6 5. 0-0 Be7 6. Nbd2 0-0 7. e4 Be6 8. Re1 d4 9. Nf1 Nd7 10. h3 Nb4 11. c3 Nc6 12. cxd4 exd4 13. g4 Nc5 14. a3 Nb3 15. Rb1 Nxc1 16. Rxc1 Na5 17. b4 Nc6 18. Ng3 a5 19. b5 Na7 20. Qa4 c5 21. Nf5 Nc8 22. Qc2 b6 23. Nxe7+ Nxe7 24. Ne5 Ng6 25. Nxg6 fxg6 26. Qd2 g5 27. e5 Ra7 28. Re4 Raf7 29. Rf1 h6 30. f4 gxf4 31. Rexf4 Qg5 32. Rxf7 Rxf7 33. Qe2 Rxf1+ 34. Bxf1 Qf4 35. Bg2 Kf7 36. Bc6 Ke7 37. Kg2 g5 38. Qe1 Bf7 39. Qe2 Bg6 40. Bd5 Be8 41. Bc4 Bd7 42. Qf3 Qd2+ 43. Kf1 Qc1+ 44. Kg2 Qd2+ 45. Kf1 Qf4 46. Kg2 Qxe5 47. Qf7+ Kd8 48. Qf8+ Kc7 49. Qxh6 Qe2+ 50. Kg3 Qe3+ 51. Kg2 Qd2+ 52. Kg1 Qe1+ 53. Kg2 Qe2+ 54. Kg3 Qe5+ 55. Kg2 Qe2+ 1/2-1/2

[Event "Asia-ch Universities"]
[Site "Chess.com INT"]
[Date "2020.12.29"]
[Round "9"]
[White "Khodashenas, Mersad"]
[Black "Taher, Yoseph Theolifus"]
[Result "1-0"]
[WhiteElo "2466"]
[BlackElo "2455"]
[PlyCount "93"]
[EventDate "2020.12.27"]
[EventType "swiss"]
[EventRounds "9"]
[EventCountry "IRI"]
[SourceTitle "CBM 200 Extra"]
[Source "ChessBase"]
[SourceDate "2021.03.31"]
[SourceVersion "1"]
[SourceVersionDate "2021.03.31"]
[SourceQuality "1"]

1. e4 e5 2. Nf3 Nc6 3. Bb5 a6 4. Ba4 Nf6 5. 0-0 Nxe4 6. d4 exd4 7. Re1 d5 8. Nxd4 Bd6 9. Nxc6 Bxh2+ 10. Kh1 Qh4 11. Rxe4+ dxe4 12. Qd8+ Qxd8 13. Nxd8+ Kxd8 14. Kxh2 Be6 15. Nc3 f5 16. Ne2 b5 17. Bb3 Bxb3 18. axb3 Ke7 19. Nd4 Kf6 20. Nc6 Rhe8 21. Nb4 Red8 22. c4 g5 23. Nd5+ Rxd5 24. cxd5 f4 25. Bd2 Ke5 26. Rc1 Kxd5 27. Rxc7 h6 28. Re7 Kd4 29. Rd7+ Kc5 30. Bc3 Re8 31. b4+ Kc4 32. Rd6 e3 33. fxe3 fxe3 34. Rxh6 Kd3 35. Rd6+ Ke2 36. Rxa6 Rf8 37. Re6 Rf4 38. Kg3 Rc4 39. Re5 g4 40. Rxb5 Rc8 41. Re5 Kd3 42. b5 Rf8 43. b6 e2 44. b7 Rb8 45. Re7 Rg8 46. Rxe2 Kxe2 47. Be5 1-0

[Event "Asia-ch Universities"]
[Site "Chess.com INT"]
[Date "2020.12.28"]
[Round "4"]
[White "Harikrishnan, A Ra"]
[Black "Khodashenas, Mersad"]
[Result "0-1"]
[WhiteElo "2429"]
[BlackElo "2466"]
[PlyCount "86"]
[EventDate "2020.12.27"]
[EventType "swiss"]
[EventRounds "9"]
[EventCountry "IRI"]
[SourceTitle "CBM 200 Extra"]
[Source "ChessBase"]
[SourceDate "2021.03.31"]
[SourceVersion "1"]
[SourceVersionDate "2021.03.31"]
[SourceQuality "1"]

1. e4 c5 2. Nf3 e6 3. d3 d5 4. Nbd2 Nc6 5. g3 Nf6 6. Bg2 Be7 7. 0-0 0-0 8. Re1 Qc7 9. Qe2 b5 10. e5 Nd7 11. Nf1 a5 12. Bf4 Ba6 13. h4 b4 14. Ne3 c4 15. Nxd5 exd5 16. e6 Qa7 17. exd7 cxd3 18. cxd3 Qxd7 19. Ne5 Nxe5 20. Bxe5 Bc5 21. Qf3 Rad8 22. Rac1 Bb6 23. Kh2 Bc8 24. b3 Rfe8 25. Bb2 Rxe1 26. Rxe1 h6 27. Re5 Qg4 28. Rxd5 Rxd5 29. Qxd5 Bxf2 30. Be5 Bb6 31. d4 Qe6 32. Qa8 Qd7 33. d5 f6 34. Bb2 Bc7 35. Qc6 Kf7 36. Qc4 Qd6 37. Qd3 Qd7 38. Bf3 Qh3+ 39. Kg1 Bf5 40. Qc4 Qxg3+ 41. Bg2 Qe1+ 42. Bf1 Qe3+ 43. Kh1 Be4+ 0-1

[Event "Asia-ch Universities"]
[Site "Chess.com INT"]
[Date "2020.12.28"]
[Round "5"]
[White "Khodashenas, Mersad"]
[Black "Khumnorkaew, Tupfah"]
[Result "1-0"]
[WhiteElo "2466"]
[BlackElo "2110"]
[PlyCount "71"]
[EventDate "2020.12.27"]
[EventType "swiss"]
[EventRounds "9"]
[EventCountry "IRI"]
[SourceTitle "CBM 200 Extra"]
[Source "ChessBase"]
[SourceDate "2021.03.31"]
[SourceVersion "1"]
[SourceVersionDate "2021.03.31"]
[SourceQuality "1"]

1. e4 g6 2. d4 Nf6 3. e5 Nh5 4. Be2 Ng7 5. Nf3 d6 6. 0-0 dxe5 7. Nxe5 Nf5 8. Bc4 e6 9. d5 Bd6 10. dxe6 Bxe6 11. Bxe6 fxe6 12. Nd3 0-0 13. Nd2 Nc6 14. h3 Ne5 15. Nxe5 Bxe5 16. Re1 Qd6 17. c3 Rae8 18. Ne4 Qxd1 19. Rxd1 Nd6 20. Re1 Nxe4 21. Rxe4 Bd6 22. Be3 Rf5 23. c4 b6 24. Rd1 Re7 25. g4 Re5 26. Rxe5 Bxe5 27. Rd8+ Kg7 28. b4 c6 29. c5 Bc3 30. a3 Bb2 31. a4 Ba3 32. cxb6 axb6 33. Bxb6 Bxb4 34. a5 Rb7 35. Bd4+ e5 36. a6 1-0

[Event "Asia-ch Universities"]
[Site "Chess.com INT"]
[Date "2020.12.27"]
[Round "2"]
[White "Hafiz, Arif Abdul"]
[Black "Khodashenas, Mersad"]
[Result "1/2-1/2"]
[WhiteElo "2234"]
[BlackElo "2466"]
[PlyCount "126"]
[EventDate "2020.12.27"]
[EventType "swiss"]
[EventRounds "9"]
[EventCountry "IRI"]
[SourceTitle "CBM 200 Extra"]
[Source "ChessBase"]
[SourceDate "2021.03.31"]
[SourceVersion "1"]
[SourceVersionDate "2021.03.31"]
[SourceQuality "1"]

1. e4 e5 2. Nf3 Nf6 3. Nxe5 d6 4. Nf3 Nxe4 5. Nc3 Nxc3 6. dxc3 Be7 7. Bc4 Nd7 8. Bf4 0-0 9. Qd2 Nc5 10. 0-0 Bf5 11. Rfe1 Bf6 12. Re3 Be6 13. Bf1 a5 14. Nd4 a4 15. a3 Bd7 16. Rae1 Ne6 17. Nxe6 Bxe6 18. Rg3 Ra5 19. Bd3 Re8 20. Rge3 Bg5 21. Bxg5 Qxg5 22. f4 Qc5 23. Qf2 Raa8 24. Re4 Kf8 25. Qxc5 dxc5 26. Kf2 Bd7 27. Rxe8+ Rxe8 28. Rxe8+ Kxe8 29. Be4 b5 30. Ke3 Ke7 31. h4 g6 32. Bf3 h5 33. Be4 c4 34. g3 f5 35. Bf3 Kd6 36. Kd4 Be8 37. Bg2 Bd7 38. Bf3 Be8 39. Bd1 Bf7 40. Bf3 Be6 41. Bg2 Bf7 42. Bf3 Be6 43. Bg2 c6 44. Bf3 Bd5 45. Ke3 Kc5 46. Ke2 Bf7 47. Ke3 Be6 48. Ke2 Bg8 49. Ke3 Bf7 50. Ke2 Be6 51. Ke3 Bd5 52. Ke2 Be4 53. Bxe4 fxe4 54. g4 hxg4 55. f5 Kd6 56. fxg6 Ke6 57. Ke3 g3 58. h5 Kf6 59. Ke2 Kg7 60. Ke3 Kh6 61. Ke2 Kg7 62. Ke3 Kf6 63. Ke2 Kg7 1/2-1/2

[Event "Asia-ch Universities"]
[Site "Chess.com INT"]
[Date "2020.12.27"]
[Round "1"]
[White "Khodashenas, Mersad"]
[Black "Gamage, Chathulanka"]
[Result "1-0"]
[WhiteElo "2466"]
[BlackElo "1895"]
[PlyCount "63"]
[EventDate "2020.12.27"]
[EventType "swiss"]
[EventRounds "9"]
[EventCountry "IRI"]
[SourceTitle "CBM 200 Extra"]
[Source "ChessBase"]
[SourceDate "2021.03.31"]
[SourceVersion "1"]
[SourceVersionDate "2021.03.31"]
[SourceQuality "1"]

1. e4 e6 2. d4 d5 3. Nc3 Nf6 4. Bg5 Be7 5. e5 Nfd7 6. h4 Bxg5 7. hxg5 Qxg5 8. Nh3 Qh4 9. g3 Qe7 10. Qg4 g6 11. 0-0-0 Nc6 12. Ng5 h5 13. Qf4 Nb6 14. Be2 Bd7 15. g4 0-0-0 16. gxh5 gxh5 17. Rxh5 Rxh5 18. Bxh5 Rf8 19. Nh7 Rh8 20. Nf6 Qf8 21. Be2 Ne7 22. Bd3 Ng8 23. Rg1 Nxf6 24. Qxf6 Be8 25. Ne2 Qh6+ 26. Qxh6 Rxh6 27. Kd2 Kd8 28. Ke3 Ke7 29. b3 Nd7 30. Nf4 f6 31. Rg7+ Bf7 32. Bg6 1-0

[Event "Titled Tuesday intern op 7th Januar"]
[Site "Chess.com INT"]
[Date "2020.01.07"]
[Round "5"]
[White "Khodashenas, Mersad"]
[Black "Melkumyan, Hrant"]
[Result "0-1"]
[WhiteElo "2466"]
[BlackElo "2663"]
[PlyCount "76"]
[EventDate "2020.01.07"]
[EventType "swiss (blitz)"]
[EventRounds "10"]
[EventCountry "USA"]
[SourceTitle "EXT 2021"]
[Source "ChessBase"]
[SourceDate "2020.10.23"]
[SourceVersion "1"]
[SourceVersionDate "2020.10.23"]
[SourceQuality "1"]

1. e4 c6 2. Nc3 d5 3. Nf3 Bg4 4. h3 Bxf3 5. Qxf3 e6 6. Be2 Nd7 7. 0-0 Ngf6 8. d4 dxe4 9. Nxe4 Nxe4 10. Qxe4 Nf6 11. Qd3 Bd6 12. Bf3 0-0 13. Re1 Qc7 14. Bg5 Bf4 15. Bxf6 gxf6 16. c4 Kh8 17. d5 cxd5 18. cxd5 Qd6 19. Rad1 Rad8 20. dxe6 Qxd3 21. e7 Bd2 22. Re2 Rde8 23. Rdxd2 Qb1+ 24. Kh2 Qxa2 25. exf8Q+ Rxf8 26. Bxb7 Qa5 27. Bd5 Rd8 28. b4 Qxb4 29. Rd3 a5 30. Red2 a4 31. g3 a3 32. Rd1 Kg7 33. R3d2 Qa4 34. Rd4 Qa7 35. R4d2 Rxd5 36. Rxd5 Qxf2+ 37. Kh1 a2 38. R5d2 Qxd2 0-1

[Event "Beirut op 10th"]
[Site "Beirut"]
[Date "2019.05.02"]
[Round "8"]
[White "Khodashenas, Mersad"]
[Black "Karpatchev, Aleksandr"]
[Result "1/2-1/2"]
[WhiteElo "2467"]
[BlackElo "2423"]
[PlyCount "81"]
[EventDate "2019.04.25"]
[EventType "swiss"]
[EventRounds "9"]
[EventCountry "LBN"]
[SourceTitle "CBM 190 Extra"]
[Source "ChessBase"]
[SourceDate "2019.07.15"]
[SourceVersion "1"]
[SourceVersionDate "2019.07.15"]
[SourceQuality "1"]

1. e4 e5 2. Nf3 Nc6 3. Bb5 g6 4. c3 a6 5. Ba4 Bg7 6. d4 exd4 7. cxd4 b5 8. Bc2 d6 9. Nc3 Nge7 10. d5 Na5 11. Be3 0-0 12. Bd4 f6 13. 0-0 c5 14. dxc6 Nexc6 15. Nd5 Nxd4 16. Nxd4 Bd7 17. a4 Nc6 18. Nxc6 Bxc6 19. Nf4 Qe7 20. Qg4 bxa4 21. Rfe1 Rae8 22. h4 Qe5 23. Bxa4 Bxa4 24. Rxa4 f5 25. Qf3 Qxb2 26. Qd1 Qb5 27. h5 fxe4 28. Raxe4 Rxe4 29. Rxe4 Be5 30. Nd3 Qd5 31. Qe2 Bg7 32. hxg6 hxg6 33. Nf4 Qf5 34. Qc4+ Kh7 35. Nh3 Be5 36. Qxa6 Kg7 37. Re1 g5 38. f3 g4 39. fxg4 Qxg4 40. Qd3 Qd4+ 41. Qxd4 1/2-1/2

[Event "Beirut op 10th"]
[Site "Beirut"]
[Date "2019.05.01"]
[Round "7"]
[White "Bernadskiy, Vitaliy"]
[Black "Khodashenas, Mersad"]
[Result "1-0"]
[WhiteElo "2587"]
[BlackElo "2467"]
[PlyCount "103"]
[EventDate "2019.04.25"]
[EventType "swiss"]
[EventRounds "9"]
[EventCountry "LBN"]
[SourceTitle "CBM 190 Extra"]
[Source "ChessBase"]
[SourceDate "2019.07.15"]
[SourceVersion "1"]
[SourceVersionDate "2019.07.15"]
[SourceQuality "1"]

1. e4 e5 2. Nf3 Nf6 3. Nxe5 d6 4. Nd3 Nxe4 5. Qe2 Qe7 6. Nf4 Nc6 7. c3 Nf6 8. d4 Bg4 9. f3 Bd7 10. h4 0-0-0 11. Qxe7 Nxe7 12. Kf2 Ned5 13. Nd3 c5 14. c4 Nb6 15. b3 cxd4 16. Bb2 g6 17. Na3 Bg7 18. Nc2 Rhe8 19. Bxd4 Nh5 20. g4 Bxd4+ 21. Nxd4 Ng7 22. Bh3 Ne6 23. Nxe6 Bxe6 24. Rad1 Na8 25. Nf4 Nc7 26. Rhe1 a6 27. Rd2 Rd7 28. Bf1 Red8 29. g5 Bf5 30. Red1 b6 31. Bd3 Bxd3 32. Rxd3 Kb7 33. Re1 Kc6 34. Rd4 Rf8 35. Kg3 f6 36. Nd3 fxg5 37. hxg5 Rf5 38. f4 Rff7 39. Rde4 a5 40. a3 Kb7 41. Rd4 Kc6 42. b4 axb4 43. axb4 Kb7 44. b5 Kc8 45. Nb4 d5 46. Nxd5 Nxd5 47. cxd5 Kb7 48. d6 Rf8 49. Kg4 Rfd8 50. Re7 Kc8 51. Rc4+ Kb7 52. f5 1-0

[Event "Beirut op 10th"]
[Site "Beirut"]
[Date "2019.05.01"]
[Round "6"]
[White "Eid, Fadi"]
[Black "Khodashenas, Mersad"]
[Result "0-1"]
[WhiteElo "2331"]
[BlackElo "2467"]
[PlyCount "62"]
[EventDate "2019.04.25"]
[EventType "swiss"]
[EventRounds "9"]
[EventCountry "LBN"]
[SourceTitle "CBM 190 Extra"]
[Source "ChessBase"]
[SourceDate "2019.07.15"]
[SourceVersion "1"]
[SourceVersionDate "2019.07.15"]
[SourceQuality "1"]

1. e4 c6 2. d4 g6 3. Nc3 Bg7 4. Nf3 d5 5. h3 Nf6 6. e5 Ne4 7. Bd3 Nxc3 8. bxc3 c5 9. 0-0 Nc6 10. a4 c4 11. Be2 f6 12. exf6 exf6 13. Ba3 Kf7 14. Nd2 Be6 15. f4 Bf8 16. Bc1 Bd6 17. Nf3 Ne7 18. g4 Ke8 19. Qe1 Kd7 20. Rb1 b6 21. Nh4 Qg8 22. Kh1 Re8 23. a5 h5 24. gxh5 Bxh3 25. Rg1 Qe6 26. Bf3 Qxe1 27. Rxe1 g5 28. Rxe7+ Rxe7 29. Ng6 g4 30. Nxe7 gxf3 31. Nxd5 f2 0-1

[Event "Mashhad Ferdowsi op 9th"]
[Site "Mashhad"]
[Date "2019.03.06"]
[Round "7"]
[White "Mosadeghpour, Masoud"]
[Black "Khodashenas, Mersad"]
[Result "1-0"]
[WhiteElo "2542"]
[BlackElo "2480"]
[PlyCount "121"]
[EventDate "2019.03.01"]
[EventType "swiss"]
[EventRounds "9"]
[EventCountry "IRI"]
[SourceTitle "CBM 189 Extra"]
[Source "ChessBase"]
[SourceDate "2019.06.03"]
[SourceVersion "1"]
[SourceVersionDate "2019.06.03"]
[SourceQuality "1"]

1. c4 e5 2. Nc3 Nf6 3. g3 d5 4. cxd5 Nxd5 5. Bg2 Nb6 6. d3 Be7 7. Nf3 Nc6 8. 0-0 0-0 9. a3 a5 10. Be3 Be6 11. d4 exd4 12. Nxd4 Nxd4 13. Bxd4 c6 14. f4 Bb3 15. Qd3 Bc2 16. Qe3 Nc4 17. Qf2 c5 18. Bxc5 Bxc5 19. Qxc5 Rc8 20. Qa7 Re8 21. Rfc1 Qd2 22. Qxb7 Ne3 23. Bf3 Rxc3 24. bxc3 Bd1 25. Rxd1 Nxd1 26. Qb5 Qe3+ 27. Kg2 Nxc3 28. Qxa5 Nxe2 29. Bc6 Rc8 30. Re1 g6 31. Qa6 Qe6 32. Rxe2 Qxc6+ 33. Qxc6 Rxc6 34. a4 Ra6 35. Ra2 Ra5 36. Kf3 Kf8 37. Ke4 Ke7 38. Kd4 Kd6 39. Kc4 Kc6 40. Kb4 Kb6 41. Rd2 Rf5 42. Rd7 h5 43. h4 Kc6 44. Re7 Kb6 45. Rd7 Kc6 46. Ra7 Kb6 47. Re7 Kc6 48. a5 Rb5+ 49. Ka4 Rd5 50. Rxf7 Rd4+ 51. Kb3 Kb5 52. Kc3 Ra4 53. f5 Ra3+ 54. Kd4 Rxg3 55. f6 g5 56. hxg5 Rxg5 57. Rg7 Rf5 58. f7 Ka6 59. Ke4 Rf1 60. Ke5 Kxa5 61. Rg5 1-0

[Event "Mashhad Ferdowsi op 9th"]
[Site "Mashhad"]
[Date "2019.03.04"]
[Round "5"]
[White "Aitbayev, Aslan"]
[Black "Khodashenas, Mersad"]
[Result "1-0"]
[WhiteElo "2441"]
[BlackElo "2480"]
[PlyCount "142"]
[EventDate "2019.03.01"]
[EventType "swiss"]
[EventRounds "9"]
[EventCountry "IRI"]
[SourceTitle "CBM 189 Extra"]
[Source "ChessBase"]
[SourceDate "2019.06.03"]
[SourceVersion "1"]
[SourceVersionDate "2019.06.03"]
[SourceQuality "1"]

1. e4 e5 2. Nf3 Nf6 3. Nc3 Bb4 4. d3 d5 5. exd5 Nxd5 6. Bd2 Nc6 7. g3 Bxc3 8. bxc3 Qf6 9. Bg2 0-0 10. 0-0 Bg4 11. h3 Bh5 12. c4 Nb6 13. g4 Bg6 14. Ng5 Qe7 15. f4 exf4 16. Bxf4 Rae8 17. Nf3 f5 18. g5 Qc5+ 19. Kh2 Bh5 20. Qd2 Bxf3 21. Rxf3 Nd4 22. Re3 Rd8 23. Rae1 Qa3 24. Qf2 Nc8 25. Bd5+ Rxd5 26. cxd5 Qxa2 27. Re8 Qxd5 28. Rxf8+ Kxf8 29. Kg3 Qd7 30. Be5 Nc6 31. Qc5+ N8e7 32. Bf4 b6 33. Qe3 Kf7 34. h4 a5 35. c3 Nd5 36. Qf3 Nce7 37. Be5 Ng6 38. h5 Nxe5 39. Rxe5 Ne7 40. d4 c6 41. Kg2 b5 42. h6 g6 43. Qg3 Nd5 44. Kh2 a4 45. c4 bxc4 46. Qa3 Nf4 47. Qb4 Ne6 48. Qxc4 Qd6 49. Qa6 Qxd4 50. Qb7+ Kf8 51. Qc8+ Nd8 52. Qc7 Qf2+ 53. Kh1 Qf1+ 54. Kh2 Qf2+ 55. Kh1 Qh4+ 56. Kg1 Qxg5+ 57. Kf1 Nf7 58. Qb8+ Qd8 59. Qb4+ Qd6 60. Rc5 Nxh6 61. Qc3 Nf7 62. Rxc6 Qe5 63. Qb4+ Kg7 64. Rc8 Qd6 65. Qc3+ Qe5 66. Qb4 h5 67. Qf8+ Kf6 68. Rc6+ Kg5 69. Qxf7 Qf4+ 70. Kg1 Qg3+ 71. Kh1 Qf3+ 1-0

[Event "Karoun Masters Cup 6th"]
[Site "Ahvaz"]
[Date "2019.02.21"]
[Round "1"]
[White "Khodashenas, Mersad"]
[Black "Daneshpour, SA."]
[Result "1-0"]
[WhiteElo "2455"]
[BlackElo "2076"]
[PlyCount "69"]
[EventDate "2019.02.21"]
[EventType "swiss"]
[EventRounds "9"]
[EventCountry "IRI"]
[SourceTitle "CBM 189 Extra"]
[Source "ChessBase"]
[SourceDate "2019.06.03"]
[SourceVersion "1"]
[SourceVersionDate "2019.06.03"]
[SourceQuality "1"]

1. e4 e6 2. d4 d5 3. Nc3 Bb4 4. exd5 exd5 5. Bd3 Ne7 6. Qh5 Nbc6 7. Nge2 Be6 8. a3 Bxc3+ 9. bxc3 Qd7 10. Ng3 0-0-0 11. 0-0 Rdg8 12. h3 h6 13. a4 g6 14. Qf3 Nf5 15. Nxf5 Bxf5 16. a5 Re8 17. a6 b6 18. Bb5 Kb8 19. Be3 Be4 20. Qd1 Qd6 21. Qd2 g5 22. Rae1 Bf5 23. c4 Bd7 24. c5 Qg6 25. c4 Qf5 26. f4 dxc4 27. d5 c3 28. Qxc3 Qxd5 29. Rd1 Qe6 30. cxb6 cxb6 31. Rxd7 Qxd7 32. Bxc6 Qe6 33. Bd4 f6 34. Bxf6 Qc8 35. Be5+ 1-0

[Event "Fajr op 27th"]
[Site "Tehran"]
[Date "2019.02.06"]
[Round "3"]
[White "Khodashenas, Mersad"]
[Black "Ponkratov, Pavel"]
[Result "1/2-1/2"]
[WhiteElo "2455"]
[BlackElo "2630"]
[PlyCount "81"]
[EventDate "2019.02.05"]
[EventType "swiss"]
[EventRounds "9"]
[EventCountry "IRI"]
[SourceTitle "CBM 188 Extra"]
[Source "ChessBase"]
[SourceDate "2019.02.26"]
[SourceVersion "1"]
[SourceVersionDate "2019.02.26"]
[SourceQuality "1"]

1. e4 e5 2. Nc3 Nf6 3. Bc4 Nc6 4. d3 Na5 5. Nge2 c6 6. a4 d5 7. exd5 cxd5 8. Bb5+ Nc6 9. f4 exf4 10. Bxf4 a6 11. Bxc6+ bxc6 12. d4 Be7 13. 0-0 a5 14. Ng3 0-0 15. Qd2 Ne8 16. Rae1 Ra7 17. Nd1 f6 18. Ne2 Nd6 19. Bxd6 Bxd6 20. Nf4 Re8 21. Rxe8+ Qxe8 22. Re1 Qd8 23. Nf2 Bf5 24. N4d3 Qc7 25. g3 Ra8 26. Re3 h5 27. Qe2 Qf7 28. Kg2 Kh7 29. Qf3 g6 30. Re1 Re8 31. Re3 Kg7 32. Qe2 Rxe3 33. Qxe3 g5 34. c3 h4 35. b4 hxg3 36. hxg3 Qc7 37. Nc5 Kf7 38. Qf3 Kg6 39. Qe3 Kf7 40. Qf3 Kg6 41. Qe3 1/2-1/2

[Event "IRI-ch"]
[Site "Bushehr"]
[Date "2019.02.01"]
[Round "9"]
[White "Khodashenas, Mersad"]
[Black "Idani, Pouya"]
[Result "1/2-1/2"]
[WhiteElo "2455"]
[BlackElo "2611"]
[PlyCount "79"]
[EventDate "2019.01.24"]
[EventType "tourn"]
[EventRounds "11"]
[EventCountry "IRI"]
[EventCategory "10"]
[SourceTitle "CBM 188 Extra"]
[Source "ChessBase"]
[SourceDate "2019.02.26"]
[SourceVersion "1"]
[SourceVersionDate "2019.02.26"]
[SourceQuality "1"]

1. e4 c5 2. Nf3 Nc6 3. Bb5 d6 4. 0-0 Bd7 5. Re1 Nf6 6. Bxc6 Bxc6 7. e5 dxe5 8. Nxe5 Rc8 9. d3 e6 10. Nc3 Be7 11. b3 0-0 12. Nxc6 Rxc6 13. Bb2 Nd7 14. Ne4 f5 15. Nd2 Bf6 16. Bxf6 Qxf6 17. a4 Rd6 18. Nc4 Rd5 19. Qe2 Re8 20. Rab1 b6 21. Qf3 Re7 22. Re2 Ne5 23. Nxe5 Rxe5 24. Rbe1 Rxe2 25. Qxe2 Qc3 26. Qd1 g6 27. Re2 Kf7 28. Qe1 Qxe1+ 29. Rxe1 g5 30. f3 Kf6 31. Kf2 Rd7 32. Ke3 h5 33. Rb1 a5 34. c3 e5 35. h3 h4 36. Rd1 Ke6 37. Rb1 Rd8 38. Re1 Rb8 39. Ra1 Kf6 40. Ra2 1/2-1/2

[Event "IRI-ch"]
[Site "Bushehr"]
[Date "2019.01.30"]
[Round "7"]
[White "Khodashenas, Mersad"]
[Black "Firouzja, Alireza"]
[Result "1/2-1/2"]
[WhiteElo "2455"]
[BlackElo "2618"]
[PlyCount "133"]
[EventDate "2019.01.24"]
[EventType "tourn"]
[EventRounds "11"]
[EventCountry "IRI"]
[EventCategory "10"]
[SourceTitle "CBM 188 Extra"]
[Source "ChessBase"]
[SourceDate "2019.02.26"]
[SourceVersion "1"]
[SourceVersionDate "2019.02.26"]
[SourceQuality "1"]

1. e4 c5 2. Nf3 d6 3. d4 cxd4 4. Qxd4 Nc6 5. Qe3 g6 6. Be2 Bg7 7. 0-0 Nf6 8. h3 0-0 9. Rd1 Nd7 10. c4 Nc5 11. Nc3 f5 12. exf5 gxf5 13. Qg5 f4 14. Nd5 e5 15. Qxd8 Rxd8 16. Nh4 Nd4 17. Bg4 Kf7 18. Bh5+ Kf8 19. b3 b5 20. Bb2 bxc4 21. bxc4 Rb8 22. Bc3 Be6 23. Rac1 Bxd5 24. cxd5 Bf6 25. Bxd4 exd4 26. Nf5 Rb2 27. Nxd6 Bh4 28. g3 fxg3 29. Rxd4 gxf2+ 30. Kf1 Rxd6 31. Rxc5 Rb1+ 32. Bd1 Bd8 33. Rc2 Bb6 34. Rxf2+ Ke7 35. Re4+ Kd8 36. Rf8+ Kd7 37. Re1 Kc7 38. Rf7+ Kd8 39. Bf3 Rxe1+ 40. Kxe1 h6 41. Ke2 Bc5 42. Kd3 Rd7 43. Rf6 Rd6 44. Rf7 Rd7 45. Rf5 Be7 46. Rf4 Rd6 47. Ra4 Rf6 48. Bg4 Bc5 49. Rc4 Bb6 50. Ke4 Bc7 51. Rc2 Rf4+ 52. Ke3 Rb4 53. Be6 Bf4+ 54. Kf3 Ke7 55. Kg4 Kf6 56. Rf2 Ke5 57. Kh5 Bg5 58. Kg6 Rd4 59. Re2+ Re4 60. Rc2 Rd4 61. Bf7 Rd2 62. Rc5 Rg2 63. Rc6 Rxa2 64. Re6+ Kf4 65. Re8 Ra3 66. Be6 Ke5 67. Bf7+ 1/2-1/2

[Event "IRI-ch"]
[Site "Bushehr"]
[Date "2019.01.28"]
[Round "5"]
[White "Khodashenas, Mersad"]
[Black "Gholami, Aryan"]
[Result "1/2-1/2"]
[WhiteElo "2455"]
[BlackElo "2488"]
[PlyCount "82"]
[EventDate "2019.01.24"]
[EventType "tourn"]
[EventRounds "11"]
[EventCountry "IRI"]
[EventCategory "10"]
[SourceTitle "CBM 188 Extra"]
[Source "ChessBase"]
[SourceDate "2019.02.26"]
[SourceVersion "1"]
[SourceVersionDate "2019.02.26"]
[SourceQuality "1"]

1. e4 c5 2. Nf3 e6 3. d4 cxd4 4. Nxd4 a6 5. c4 Nf6 6. Nc3 Qc7 7. a3 b6 8. Be3 Bb7 9. f3 d6 10. Be2 Nbd7 11. 0-0 Be7 12. b4 0-0 13. Qd2 Rac8 14. Rfc1 Qb8 15. Nb3 Rfe8 16. Kh1 d5 17. cxd5 exd5 18. Nxd5 Rxc1+ 19. Rxc1 Nxd5 20. exd5 Bd6 21. g3 Nf6 22. Nd4 Bxd5 23. Bg5 Be5 24. Nc6 Qd6 25. Nxe5 Qxe5 26. Bxf6 gxf6 27. Bd1 Qe3 28. Qxe3 Rxe3 29. a4 Rd3 30. Be2 Rb3 31. Rd1 Bxf3+ 32. Bxf3 Rxf3 33. Rd6 Ra3 34. Rxf6 Rxa4 35. Rxb6 a5 36. bxa5 Rxa5 37. Kg2 Kg7 38. h4 h5 39. Rd6 Rf5 40. Rd3 Kg6 41. Rd8 Kg7 1/2-1/2

[Event "Titled Tuesday intern op 1st Jan"]
[Site "Chess.com INT"]
[Date "2019.01.01"]
[Round "6"]
[White "Khodashenas, Mersad"]
[Black "Seul, Georg"]
[Result "1/2-1/2"]
[WhiteElo "2455"]
[BlackElo "2419"]
[PlyCount "159"]
[EventDate "2019.01.01"]
[EventType "swiss (blitz)"]
[EventRounds "10"]
[EventCountry "USA"]
[SourceTitle "EXT 2021"]
[Source "ChessBase"]
[SourceDate "2020.10.23"]
[SourceVersion "1"]
[SourceVersionDate "2020.10.23"]
[SourceQuality "1"]

1. e4 e5 2. Nf3 Nc6 3. Bb5 a6 4. Ba4 Nf6 5. 0-0 Be7 6. Re1 b5 7. Bb3 d6 8. c3 0-0 9. h3 Na5 10. Bc2 c5 11. d4 Qc7 12. d5 c4 13. b4 cxb3 14. axb3 Nb7 15. Be3 Bd7 16. b4 Ne8 17. Bd3 g6 18. Qb3 Ng7 19. Re2 a5 20. Rea2 a4 21. Qd1 f5 22. Rc2 f4 23. Bd2 Qb6 24. Na3 g5 25. Qe2 g4 26. hxg4 Bxg4 27. Bxb5 Nd8 28. Qd1 Nf7 29. Be2 Kh8 30. c4 Rg8 31. Rac1 Nh5 32. c5 dxc5 33. bxc5 Qg6 34. Ne1 Nf6 35. Bxg4 Nxg4 36. Rc3 Bh4 37. Rf3 Ng5 38. Rcc3 Nxf3+ 39. Rxf3 Nxf2 40. Rxf2 Bxf2+ 41. Kxf2 Qg3+ 42. Kf1 Qxa3 43. Qh5 Rae8 44. c6 Qc5 45. Nd3 Qc4 46. Qe2 a3 47. Nxf4 Qxe2+ 48. Nxe2 a2 49. Bc3 Rg4 50. d6 Rxe4 51. d7 Rf8+ 52. Ke1 Rc4 53. Bxe5+ Kg8 54. Nf4 Rxc6 55. Kd2 Rd6+ 56. Bxd6 a1Q 57. Bxf8 Qa5+ 58. Ke3 Qb6+ 59. Ke4 Qb7+ 60. Ke5 Qxd7 61. Bd6 Qa4 62. Nd5 Qd1 63. Ne7+ Kf7 64. Nf5 Qe2+ 65. Kf4 Qxg2 66. Be5 h5 67. Nd4 Qg4+ 68. Ke3 h4 69. Nf3 h3 70. Bh2 Qg2 71. Bf4 Ke6 72. Be5 Kd5 73. Bh2 Qg4 74. Bf4 Qf5 75. Be5 Kc4 76. Kf2 Kd3 77. Kg3 Ke4 78. Nh4 Kxe5 79. Nxf5 Kxf5 80. Kxh3 1/2-1/2